| 000 | 00498 a2200181 4500 | ||
|---|---|---|---|
| 999 |
_c30224 _d30224 |
||
| 003 | NUST | ||
| 005 | 20180118115527.0 | ||
| 008 | 180118b xxu||||| |||| 00| 0 eng d | ||
| 020 | _a1584885424 | ||
| 020 | _a9781584885429 | ||
| 082 | 0 | 4 | _a530.1433 |
| 100 | 1 |
_aGingrich, Douglas M. _98655 |
|
| 245 | 1 | 0 |
_aPractical quantum electrodynamics / _cDouglas M. Gingrich. |
| 250 | _a1st ed. | ||
| 260 |
_a[S.l.] : _bCRC Press, _c2006. |
||
| 300 |
_a360 p. ; _c24 cm. |
||
| 490 | 1 | _aPure and applied physics. | |
| 830 | 0 |
_aPure and applied physics. _98656 |
|
| 942 |
_aSNS _cBK _k530.1433 GIN _2ddc |
||